| 000 | 00573nam a2200193Ia 4500 | ||
|---|---|---|---|
| 003 | OSt | ||
| 005 | 20240319143516.0 | ||
| 008 | 210707s1983 xx 000 0 und d | ||
| 040 | _cAL | ||
| 041 | _aKannada | ||
| 082 | _aK894.308 GIRK | ||
| 100 |
_aGIRADDI GOVINDARAJA _dಗಿರಡ್ಡಿ ಗೋವಿಂದರಾಜ _9155398 |
||
| 245 |
_aKannada katha sankalana. _bಕನ್ನಡ ಕಥಾ ಸಂಕಲನ |
||
| 260 |
_aBengaluru _bVishva Kaannada Sammelana _c1983 |
||
| 300 | _a479 p | ||
| 563 | _aPB | ||
| 650 |
_aKannada Fiction _9155399 |
||
| 942 |
_2ddc _cBK |
||
| 999 |
_c180212 _d180212 |
||